Prime Ministers of the UK Quiz Stats

 Plays Quiz Updated Jul 24, 2019

Score 0/77 Timer 08:00
4 Plays Today
Years Prime Minister % Correct
1979-1990Margaret Thatcher
93%
1997-2007Tony Blair
92.8%
2019-Boris Johnson
92.5%
1940-1945Winston Churchill
92.2%
1951-1955Winston Churchill
92.2%
2016-2019Theresa May
91.3%
2007-2010Gordon Brown
90.4%
1990-1997John Major
84.4%
2010-2016David Cameron
78.4%
1937-1940Neville Chamberlain
76.7%
1964-1970Harold Wilson
71%
1974-1976Harold Wilson
71%
1868Benjamin Disraeli
69.9%
1874-1880Benjamin Disraeli
69.9%
1916-1922David Lloyd George
69.7%
1970-1974Edward Heath
68.7%
1945-1951Clement Attlee
68.5%
1783-1801W. Pitt 'The Younger'
67.7%
1804-1806W. Pitt 'The Younger'
67.7%
1976-1979James Callaghan
65.2%
1868-1874William Ewart Gladstone
64.6%
1880-1885William Ewart Gladstone
64.6%
1886William Ewart Gladstone
64.6%
1892-1894William Ewart Gladstone
64.6%
1766-1768William Pitt 'The Elder'
63.5%
1957-1963Harold Macmillan
62.2%
1955-1957Anthony Eden
61.9%
1730-1742Robert Walpole
60.9%
1834Duke of Wellington
57.8%
1908-1916Herbert Henry Asquith
56.3%
1924J. Ramsay MacDonald
55.1%
1929-1935J. Ramsay MacDonald
55.1%
1923-1924Stanley Baldwin
55%
1924-1929Stanley Baldwin
55%
1935-1937Stanley Baldwin
55%
1834-1835Sir Robert Peel
54.8%
1841-1846Sir Robert Peel
54.8%
1828-1830Duke of Wellington
54%
1963-1964Alec Douglas-Home
53.9%
Years Prime Minister % Correct
1885-1886Marquess of Salisbury
50.6%
1886-1892Marquess of Salisbury
50.6%
1895-1901Marquess of Salisbury
50.6%
1922-1923Andrew Bonar Law
48.8%
1812-1827Earl of Liverpool
46%
1830-1834Earl Grey
45.5%
1757-1762Duke of Newcastle
44.5%
1855-1858Viscount Palmerston
43.8%
1859-1865Viscount Palmerston
43.8%
1852Earl of Derby
43.2%
1858-1859Earl of Derby
43.2%
1866-1868Earl of Derby
43.2%
1902-1905Arthur James Balfour
42.8%
1834Viscount Melbourne
42.2%
1835-1841Viscount Melbourne
42.2%
1754-1756Duke of Newcastle
42%
1905-1908H. Campbell-Bannerman
42%
1770-1782Lord North
41.7%
1782Marquess of Rockingham
40%
1809-1812Spencer Perceval
37.7%
1756-1757Duke of Devonshire
36.5%
1852-1855Earl of Aberdeen
35.6%
1846-1852Lord John Russell
35.4%
1865-1866Lord John Russell
35.4%
1894-1895Earl of Rosebery
34.6%
1762-1763Earl of Bute
33.5%
1742-1743Spencer Compton
33.5%
1827George Canning
33.4%
1743-1754Henry Pelham
33.2%
1763-1765George Grenville
32.1%
1806-1807William Grenville
32%
1765-1766Marquess of Rockingham
31.3%
1783Duke of Portland
30.4%
1807-1809Duke of Portland
30.4%
1827-1828Viscount Goderich
27.9%
1801-1804Henry Addington
27.6%
1782-1783Earl of Shelbourne
27.3%
1768-1770Duke of Grafton
26.8%

You're not logged in!

Compare scores with friends on all Sporcle quizzes.
OR
Log In

Sporcle TV

Today on Sporcle TV


Watch our educational content, quiz creation guides, and fun videos on Sporcle TV.

Show Comments

Extras

Top Quizzes Today


Score Distribution

Your Account Isn't Verified!

In order to create a playlist on Sporcle, you need to verify the email address you used during registration. Go to your Sporcle Settings to finish the process.

Report this User

Report this user for behavior that violates our Community Guidelines.

Details: